000
00304nam a2200121Ia 4500
005
20251222144837.0
008
251222s9999||||xx |||||||||||||| ||spa||
082
_a
922.22/P59
100
_a
Pini Rodolfi, Francesco
245
0
_a
Santo Toribio de Mogrovejo:
264
_b
Prelatura de Huari
942
_c
LIB
999
_c
21096
_d
21096